Statistiche per Top 10 Città più popolose Città Metropolitana di Genova

Clicka qui per fare il quiz!

Statistiche generali

  • Questo quiz è stato fatto 11 volte
  • Il punteggio medio è 8 su 10

Statistiche sulle risposte

Popolazione (ab.)Città% Corretto
27 338Chiavari
100%
586 180Genova
100%
29 226Rapallo
100%
18 172Sestri Levante
90%
11 584Arenzano
80%
9 145Cogoleto
70%
12 579Lavagna
70%
10 106Recco
70%
9 709Santa Margherita Ligure
60%
7 931Serra Riccò
10%

Distribuzione punteggi

Percentile per numero di risposta

Percentuale di utenti per punteggio

I tuoi punteggi nel tempo

Non hai fatto questo quiz